000 00291nam a2200121Ia 4500
008 191201s2018 xx 000 0 und d
100 _aPANDEY, U.S. & Choudhary, Kavita
245 0 _aCloud Computing
260 _bS.Chand
_c2018
300 _a390
650 _aB.Tech(IT)
942 _2ddc
_cBK
_07
999 _c7039
_d7039